000 00487nam a22001937a 4500
003 MPLRDC
005 20220104161329.0
008 210129b ||||| |||| 00| 0 eng d
020 _a957-33-1604-8
082 _a882.4 KUN-3
100 _aMILAN KUNDERA
245 _a身分
_c邱瑞銮译
250 _a初版
260 _a台湾
_b皇冠文化出版有限公司
_c1999
300 _b
490 _a当代经典. 22
650 _a中欧各国文学
942 _cBK
_o882.4 KUN-3
999 _c55427
_d55417